SZTE hallgató is indul a különleges kerékpáros világbajnokságon

Elmentve itt :
Bibliográfiai részletek
Szerző: Lévai Ferenc
További közreműködők: Csonka Barnabás
Dokumentumtípus: Cikk
Megjelent: 2022-06-30
Sorozat:SZTE Info
Kulcsszavak:Verseny - világbajnokság - RAD RACE Fixed42, Sport - kerékpározás, Egyetemi hallgató - Csonka Barnabás, Mérnöki Kar - MK
Online Access:http://univ.bibl.u-szeged.hu/62893
LEADER 00865nab a2200181 i 4500
001 univ62893
005 20220701132617.0
008 220701s2022 hu o 0|| hun d
040 |a SZTE UnivHistória Repozitórium  |b hun 
041 |a hun 
100 1 |a Lévai Ferenc 
245 1 0 |a SZTE hallgató is indul a különleges kerékpáros világbajnokságon  |h [elektronikus dokumentum] /  |c  Lévai Ferenc 
260 |c 2022-06-30 
490 0 |a SZTE Info 
561 |a Egyetemi hirarchívum 
695 |a Verseny - világbajnokság - RAD RACE Fixed42, Sport - kerékpározás, Egyetemi hallgató - Csonka Barnabás, Mérnöki Kar - MK 
700 0 1 |a Csonka Barnabás 
856 4 0 |u http://univ.bibl.u-szeged.hu/62893/1/Szegedi%20Tudom%C3%A1nyegyetem%20_%20SZTE%20hallgat%C3%B3%20is%20indul%20a%20k%C3%BCl%C3%B6nleges%20ker%C3%A9kp%C3%A1ros%20vil%C3%A1gbajnoks%C3%A1gon.pdf  |z Dokumentum-elérés